Demokraté a diktátoři [političtí vůdci současného světa ]

Na minha lista:
Detalhes bibliográficos
Autor principal: Bankowicz, Marek
Outros Autores: Kubát, Michal
Formato: Livro
Idioma:tcheco
Publicado em: Praha EUROLEX BOHEMIA 2002
Assuntos:
Tags: Adicionar Tag
Sem tags, seja o primeiro a adicionar uma tag!

MARC

LEADER 00000nam$a2200000$$$4500
001 0007780
005 20240306141332.4
020 |a 80-86432-21-1 
041 0 |a cze 
044 |a CZ 
245 1 0 |a Demokraté a diktátoři  |b [političtí vůdci současného světa ]  |c Marek Bankowicz ; překlad Michal Kubát 
264 1 |a Praha  |b EUROLEX BOHEMIA  |c 2002 
300 |a 402 s. 
610 2 0 |a biografia 
610 2 0 |a diktatúra 
610 2 0 |a demokracia 
610 2 0 |a svet 
610 2 0 |a osobnosť 
610 2 0 |a politika 
610 2 0 |a lídri 
100 1 |a Bankowicz, Marek 
700 1 |a Kubát, Michal